Effective Business Communication (Record no. 3164)

MARC details
000 -LEADER
fixed length control field 00405nam a22001697a 4500
005 - DATE AND TIME OF LATEST TRANSACTION
control field 20160618160348.0
008 - FIXED-LENGTH DATA ELEMENTS--GENERAL INFORMATION
fixed length control field 160618b xxu||||| |||| 00| 0 eng d
020 ## - INTERNATIONAL STANDARD BOOK NUMBER
ISBN 978-0-07-018775-7
041 ## - LANGUAGE CODE
Language code of text/sound track or separate title eng
082 ## - DEWEY DECIMAL CLASSIFICATION NUMBER
Item number 8224
100 ## - MAIN ENTRY--AUTHOR NAME
Personal name Murphy, Heeta A and others
245 ## - TITLE STATEMENT
Title Effective Business Communication
260 ## - PUBLICATION, DISTRIBUTION, ETC. (IMPRINT)
Name of publisher TMH
Year of publication 2008
300 ## - PHYSICAL DESCRIPTION
Number of Pages 609
650 ## - SUBJECT ADDED ENTRY--TOPICAL TERM
Topical Term Management
942 ## - ADDED ENTRY ELEMENTS (KOHA)
Koha item type Books
Holdings
Lost status Damaged status Collection code Home library Current library Shelving location Date acquired Cost, normal purchase price Full call number Accession Number Koha item type
    Reference JRU Library   SHELF-29-B 18/06/2016 325.00 8224 8224 Books
      JRU Library     18/06/2016 325.00 8224 8225 Books
    MANAGEMENT JRU Library   SHELF-62 -M 18/06/2016 325.00 8224 8226 Books